000 00949nas a2200253 454500
001 26882
005 20260407193507.0
008 260407s1999####ag###########|||spa#d
003 AR-UNSa-BCEJYS
040 _aAR-UNSa-BCEJYS
_bspa
_cAR-UNSa-BCEJYS
080 _a330
_xEconomía en general
245 1 0 _aWorking Paper Series
264 1 _aBuenos Aires :
_bUniversidad Argentina de la Empresa
_c1999
310 _aFrecuencia: irregular
942 _cSER
590 _aniveau_biblio:s niveau_hierar:1
100 1 _aUniversidad Argentina de la Empresa. Instituto de Economía. Centro de Estudios Económicos de la Regulación (CEER)
650 _aTelecomunicación
650 _aSector público
650 _aPrivatización
650 _aMercado de trabajo
650 _aInvestigación económica
856 4 1 _uhttps://biblioeco.unsa.edu.ar/pmb/images/revistas/Centro de Estudios Economicos de la Regulacion-r13000.jpg
_yImagen de portada
_qimage/jpeg
999 _c8616
_d8616